000 00661cam a22002051 4500
082 _a516.244
_bKEL
100 1 _aKells, Lyman M.
_939203
245 0 0 _aPlane and spherical trigonometry.
250 _aAlternate ed.
260 _aNew York,
_aLondon,
_bMcGraw-Hill book company, inc.,
_c1943.
300 _axvii, 400 p. incl. front.(4 port.) illus., diagrs.
_c24 cm.
500 _a"Answers": p. 365-395.
526 _a0
_b0
_c0
_d516_244000000000000_KEL
650 0 _aMCE
_9379
650 0 _aPlane trigonometry.
_939132
650 0 _aSpherical trigonometry.
_939437
700 1 _aBland, James R.
_939438
700 1 _aKern, Willis F.
_939439
942 _2ddc
_cBK
999 _c543932
_d543932